000
00328nam a22001457a 4500
008
230719b ||||| |||| 00| 0 eng d
020
_a
978081763262
041
_a
eng
080
_a
159.9
082
_a
159.9MON
100
_a
25
101
_a
PSI
245
_a
RIEMANN TOPOLOGY AND PHYSICS
_c
MONASTYRSKY .M
942
_2
udc
_c
BK
999
_c
60167
_d
60167